000 00229 a2200085 4500
999 _c206355
_d206355
020 _a0860378
100 _aNawab, Syed
245 _aPerspectives on morality and human well-being: a contribution to Islamic economics
260 _c2003